| 000 | 01199nam a22003377a 4500 | ||
|---|---|---|---|
| 999 |
_c200451007 _d69219 |
||
| 001 | 200451007 | ||
| 003 | TR-AnTOB | ||
| 005 | 20221222170742.0 | ||
| 007 | ta | ||
| 008 | 221222s2017 tu a|||j |||| 00| 0 tur d | ||
| 020 | _a9786052980538 | ||
| 040 |
_aTR-AnTOB _beng _erda _cTR-AnTOB |
||
| 041 | 1 |
_atur _hger |
|
| 092 |
_a346.01 _bTUCh 2017 |
||
| 100 | 1 |
_aTuckermann, Anja, _eauthor _d1961- _9139822 |
|
| 240 | 1 | 0 | _aAlle da! : Unser kunterbuntes leben |
| 245 | 1 | 0 |
_aHerkes burada : _bbizim rengarenk yaşamımız / _cAnja Tuckermann ; Resimleyen: Tine Schulz ; Çeviren: Uğur Önver. |
| 250 | _a1. baskı | ||
| 264 | 1 |
_aİstanbul : _bKırmızı Kedi Yayınevi, _c2017. |
|
| 300 |
_a31 pages : _billustrations ; _c27 cm. |
||
| 336 |
_2rdacontent _atext _btxt |
||
| 337 |
_2rdamedia _aunmediated _bn |
||
| 338 |
_2rdacarrier _avolume _bnc |
||
| 490 | 0 |
_aKırmızı Kedi Yayınları: _v709. _aÇocuk ve Gençlik Kitapları: _v185. |
|
| 653 |
_aÇocuk edebiyatı _aKültür _aDünya kültürü _aÜlkeler _aYaşam |
||
| 700 | 1 |
_aSchulz, Tine, _eillustrator _d1981- _9139823 |
|
| 700 | 1 |
_aÖnver, Uğur _etranslator _9139825 |
|
| 942 |
_2ddc _cBK |
||